[Event "Sunny Beach op-B 13th"]
[Site "Sunny Beach"]
[Date "2014.09.09"]
[Round "4"]
[White "Lazov, Stefan"]
[Black "Solovjova, Valentina"]
[Result "1-0"]
[WhiteElo "2048"]
[BlackElo "2209"]
[PlyCount "48"]
[EventDate "2014.09.06"]
[EventType "swiss"]
[EventRounds "9"]
[EventCountry "BUL"]
[SourceTitle "CBM 162 Extra"]
[Source "ChessBase"]
[SourceDate "2014.10.17"]
[SourceVersion "1"]
[SourceVersionDate "2014.10.17"]
[SourceQuality "1"]

1. Nf3 d5 2. d4 Nf6 3. c4 c6 4. Qc2 dxc4 5. Qxc4 b5 6. Qc2 Bb7 7. Bg5 e6 8. e3 Nbd7 9. Be2 a6 10. a4 h6 11. Bh4 g5 12. Bg3 c5 13. 0-0 b4 14. Nbd2 Be7 15. Nc4 Ne4 16. Nfe5 Nxe5 17. dxe5 g4 18. Rad1 Qc7 19. Nd2 Nxd2 20. Rxd2 Qc6 21. f3 0-0 22. Bd3 gxf3 23. a5 Rac8 24. Be4 Rb8 1-0

[Event "St Petersburg Botvinnik Memorial op"]
[Site "St Petersburg"]
[Date "2012.09.02"]
[Round "9"]
[White "Solovjova, Valentina"]
[Black "Nechaeva, Marina"]
[Result "1/2-1/2"]
[WhiteElo "2175"]
[BlackElo "2399"]
[PlyCount "92"]
[EventDate "2012.08.25"]
[EventType "swiss"]
[EventRounds "9"]
[EventCountry "RUS"]
[SourceTitle "CBM 150 Extra"]
[Source "ChessBase"]
[SourceDate "2012.10.19"]
[SourceVersion "1"]
[SourceVersionDate "2012.10.19"]
[SourceQuality "1"]

1. e4 c6 2. d4 d5 3. Nc3 dxe4 4. Nxe4 Bf5 5. Ng3 Bg6 6. h4 h6 7. Nf3 Nd7 8. h5 Bh7 9. Bd3 Bxd3 10. Qxd3 e6 11. Bd2 Ngf6 12. 0-0-0 Be7 13. Qe2 0-0 14. Nf1 Nb6 15. Kb1 Qd5 16. Ne3 Qe4 17. Rh4 Qh7 18. g4 Ne4 19. Rhh1 Nxd2+ 20. Qxd2 Qe4 21. Ne5 c5 22. f3 Qxd4 23. Qxd4 cxd4 24. Rxd4 Bf6 25. Re4 Rfd8 26. Nd3 Bd4 27. Rd1 Kf8 28. c3 Bxe3 29. Rxe3 Rac8 30. Kc2 Nd5 31. Re4 b5 32. Nf4 Nb6 33. Rxd8+ Rxd8 34. b3 Ke7 35. Rb4 Nd5 36. Nxd5+ Rxd5 37. a4 a6 38. axb5 axb5 39. c4 bxc4 40. Rxc4 g6 41. hxg6 fxg6 42. b4 h5 43. gxh5 gxh5 44. Rf4 Kd6 45. Kc3 Kc6 46. Rf6 Kd6 1/2-1/2

[Event "St Petersburg Botvinnik Memorial op"]
[Site "St Petersburg"]
[Date "2012.08.29"]
[Round "5"]
[White "Solovjova, Valentina"]
[Black "Panov, Ivan"]
[Result "0-1"]
[WhiteElo "2175"]
[BlackElo "2033"]
[PlyCount "72"]
[EventDate "2012.08.25"]
[EventType "swiss"]
[EventRounds "9"]
[EventCountry "RUS"]
[SourceTitle "CBM 150 Extra"]
[Source "ChessBase"]
[SourceDate "2012.10.19"]
[SourceVersion "1"]
[SourceVersionDate "2012.10.19"]
[SourceQuality "1"]

1. e4 c5 2. c3 d5 3. exd5 Qxd5 4. d4 Nf6 5. Nf3 Bg4 6. dxc5 Qxc5 7. Be3 Qc7 8. Bb5+ Nbd7 9. h3 Bh5 10. g4 Bg6 11. Qa4 e6 12. Nbd2 Be7 13. Bf4 Qc8 14. Ne5 a6 15. Bxd7+ Nxd7 16. Nxg6 hxg6 17. 0-0-0 b5 18. Qc2 Nf6 19. Ne4 0-0 20. Nxf6+ Bxf6 21. g5 Be7 22. h4 Qc4 23. Be3 Qxa2 24. Rd7 Rfe8 25. Qe4 Rac8 26. Qb7 Rb8 27. Qe4 b4 28. Bd4 Qa1+ 29. Qb1 Qa4 30. Rxe7 Rxe7 31. Qe4 bxc3 32. Qe5 Qa1+ 33. Kc2 Qxb2+ 34. Kd3 Qd2+ 35. Kc4 Rc8+ 36. Kb3 Rb7+ 0-1

[Event "St Petersburg Botvinnik Memorial op"]
[Site "St Petersburg"]
[Date "2012.08.26"]
[Round "2"]
[White "Kamnev, Alexander"]
[Black "Solovjova, Valentina"]
[Result "1-0"]
[WhiteElo "1890"]
[BlackElo "2175"]
[PlyCount "97"]
[EventDate "2012.08.25"]
[EventType "swiss"]
[EventRounds "9"]
[EventCountry "RUS"]
[SourceTitle "CBM 150 Extra"]
[Source "ChessBase"]
[SourceDate "2012.10.19"]
[SourceVersion "1"]
[SourceVersionDate "2012.10.19"]
[SourceQuality "1"]

1. e4 c6 2. d4 d5 3. e5 c5 4. dxc5 e6 5. Be3 Qc7 6. f4 Bxc5 7. Bxc5 Qxc5 8. Qd2 b6 9. Nf3 Ba6 10. Bxa6 Nxa6 11. Nd4 Ne7 12. 0-0 Nb4 13. c3 Nec6 14. Na3 Nxd4 15. cxd4 Qa5 16. Rfc1 0-0 17. Nc2 Nc6 18. Qxa5 bxa5 19. Kf2 Rfc8 20. Ke3 Rab8 21. Rab1 Kf8 22. Ne1 Ke8 23. Nd3 Nb4 24. Nxb4 axb4 25. Rxc8+ Rxc8 26. Kd3 Ke7 27. Rf1 Rc6 28. b3 f6 29. Kd2 Kf7 30. Rc1 Ra6 31. Rc2 h5 32. Ke3 Kg6 33. g3 Ra3 34. h3 a5 35. g4 hxg4 36. hxg4 a4 37. Rb2 axb3 38. Rxb3 Rxb3+ 39. axb3 f5 40. Kf3 Kh6 41. gxf5 exf5 42. Kg3 Kh5 43. e6 Kg6 44. e7 Kf7 45. Kh4 Kxe7 46. Kg5 Kf8 47. Kxf5 Kf7 48. Ke5 Kg6 49. Ke6 1-0

[Event "St Petersburg Botvinnik Memorial op"]
[Site "St Petersburg"]
[Date "2012.08.25"]
[Round "1"]
[White "Solovjova, Valentina"]
[Black "Aleksandrov, Aleksej"]
[Result "0-1"]
[WhiteElo "2175"]
[BlackElo "2597"]
[PlyCount "54"]
[EventDate "2012.08.25"]
[EventType "swiss"]
[EventRounds "9"]
[EventCountry "RUS"]
[SourceTitle "CBM 150 Extra"]
[Source "ChessBase"]
[SourceDate "2012.10.19"]
[SourceVersion "1"]
[SourceVersionDate "2012.10.19"]
[SourceQuality "1"]

1. e4 e5 2. Nf3 Nc6 3. d4 exd4 4. Nxd4 Bc5 5. Be3 Qf6 6. c3 Nge7 7. g3 h5 8. h3 h4 9. g4 Ng6 10. Qd2 0-0 11. Bg2 Nce5 12. Bg5 Qa6 13. Bf1 b5 14. Be2 Bb7 15. Qc2 d5 16. Nd2 Nc4 17. Nxc4 bxc4 18. exd5 Bxd5 19. 0-0 Rae8 20. Bf3 Qb7 21. Bxd5 Qxd5 22. f4 Re3 23. Kh2 Rfe8 24. Rf2 Rd3 25. Rd1 Bd6 26. Rxd3 cxd3 27. Qa4 Re1 0-1

[Event "Pardubice Czech op-B 23rd"]
[Site "Pardubice"]
[Date "2012.07.27"]
[Round "8"]
[White "Solovjova, Valentina"]
[Black "Vydeslaver, Alik"]
[Result "1/2-1/2"]
[WhiteElo "2175"]
[BlackElo "2385"]
[PlyCount "62"]
[EventDate "2012.07.20"]
[EventType "swiss"]
[EventRounds "9"]
[EventCountry "CZE"]
[SourceTitle "EXT 2013"]
[Source "ChessBase"]
[SourceDate "2012.11.22"]
[SourceVersion "1"]
[SourceVersionDate "2012.11.22"]
[SourceQuality "1"]

1. e4 g6 2. d4 Bg7 3. Nc3 c6 4. Nf3 d6 5. h3 Nf6 6. a4 0-0 7. Be2 Nbd7 8. 0-0 Qc7 9. Be3 b6 10. Qd2 a6 11. Bh6 e5 12. Bxg7 Kxg7 13. dxe5 dxe5 14. Rfd1 Bb7 15. Qd6 Rac8 16. g4 Qxd6 17. Rxd6 Nc5 18. Nxe5 Nfxe4 19. Nxe4 Nxe4 20. Rd4 Ng5 21. Rd7 Nxh3+ 22. Kh2 Rce8 23. Rxb7 Rxe5 24. Bf3 Nxf2 25. Kg2 Ne4 26. Rxb6 f5 27. Re1 Rc5 28. Bxe4 fxe4 29. c3 Rf4 30. Kg3 Rf3+ 31. Kg2 Rf4 1/2-1/2

[Event "St Petersburg Spring op"]
[Site "St Petersburg"]
[Date "2012.03.23"]
[Round "2"]
[White "Solovjova, Valentina"]
[Black "Kolesnikova, Kristina"]
[Result "1-0"]
[WhiteElo "2192"]
[BlackElo "1927"]
[PlyCount "63"]
[EventDate "2012.03.22"]
[EventType "swiss"]
[EventRounds "9"]
[EventCountry "RUS"]
[SourceTitle "EXT 2013"]
[Source "ChessBase"]
[SourceDate "2012.11.22"]
[SourceVersion "1"]
[SourceVersionDate "2012.11.22"]
[SourceQuality "1"]

1. e4 e5 2. Nf3 Nc6 3. d4 exd4 4. Nxd4 Bc5 5. Be3 Qf6 6. c3 Nge7 7. g3 d5 8. Bg2 Nxd4 9. cxd4 Bb4+ 10. Nc3 dxe4 11. Qa4+ Nc6 12. 0-0 Bxc3 13. bxc3 Bd7 14. Bxe4 0-0 15. Bf4 Qd8 16. Rab1 Qc8 17. Qc4 Bf5 18. Bxf5 Qxf5 19. Qc5 Qxc5 20. dxc5 b6 21. Bxc7 bxc5 22. Bd6 Rfc8 23. Rfe1 f6 24. Kg2 Nd8 25. Re7 Rc6 26. Rd7 Nf7 27. Bc7 Ra6 28. Rb7 Rxa2 29. Bb8 Ra6 30. Bxa7 Nd6 31. Rxg7+ Kf8 32. Bxc5 1-0

[Event "Chigorin Memorial 18th"]
[Site "St Petersburg"]
[Date "2010.11.05"]
[Round "9"]
[White "Dushin, Nikolay"]
[Black "Solovjova, Valentina"]
[Result "0-1"]
[WhiteElo "2064"]
[BlackElo "2253"]
[PlyCount "66"]
[EventDate "2010.10.28"]
[EventType "swiss"]
[EventRounds "9"]
[EventCountry "RUS"]
[SourceTitle "EXT 2011"]
[Source "ChessBase"]
[SourceDate "2010.11.26"]
[SourceVersion "1"]
[SourceVersionDate "2010.11.26"]
[SourceQuality "1"]

1. Nf3 d5 2. d4 Nf6 3. Bf4 c6 4. Nbd2 Qb6 5. Qc1 Bf5 6. e3 Nh5 7. Be5 Nd7 8. h3 Bg6 9. Bh2 e6 10. Be2 c5 11. c3 cxd4 12. exd4 Bd6 13. Ne5 f6 14. Nxd7 Kxd7 15. Bxd6 Qxd6 16. Bxh5 Bxh5 17. Nb3 b6 18. 0-0 Bg6 19. Qd2 h5 20. Rad1 Bf5 21. Qe2 Rac8 22. Nd2 g5 23. Qe3 Rhg8 24. Rfe1 h4 25. Nf1 g4 26. hxg4 Rxg4 27. Nh2 Rg7 28. Kh1 Rcg8 29. Rg1 Be4 30. Nf3 Rh7 31. b3 Qg3 32. Ne5+ fxe5 33. Qxe4 dxe4 0-1

[Event "Chigorin Memorial 18th"]
[Site "St Petersburg"]
[Date "2010.11.03"]
[Round "7"]
[White "Kiseleva, Arina"]
[Black "Solovjova, Valentina"]
[Result "1/2-1/2"]
[WhiteElo "1841"]
[BlackElo "2253"]
[PlyCount "99"]
[EventDate "2010.10.28"]
[EventType "swiss"]
[EventRounds "9"]
[EventCountry "RUS"]
[SourceTitle "EXT 2011"]
[Source "ChessBase"]
[SourceDate "2010.11.26"]
[SourceVersion "1"]
[SourceVersionDate "2010.11.26"]
[SourceQuality "1"]

1. d4 d5 2. Nf3 Nf6 3. Bf4 c6 4. c3 Bf5 5. h3 Bxb1 6. Qxb1 Nbd7 7. Nd2 c5 8. e3 e6 9. Bd3 c4 10. Bc2 Nb6 11. 0-0 Bd6 12. Bxd6 Qxd6 13. f3 g5 14. e4 Qg3 15. Qe1 Qxe1 16. Raxe1 Kd7 17. f4 g4 18. e5 Ng8 19. hxg4 Nh6 20. g5 Nf5 21. Nf3 h6 22. Bxf5 exf5 23. gxh6 Rxh6 24. Ng5 Ke7 25. Re3 Na4 26. Rfe1 Rb6 27. Rh3 Nxb2 28. Rh7 Rf8 29. e6 Nd3 30. Re3 Nxf4 31. Rxf7+ Ke8 32. Rxf8+ Kxf8 33. Rf3 Nxe6 34. Rxf5+ Ke7 35. Rxd5 Nxg5 36. Rxg5 Kf6 37. Rc5 Rb1+ 38. Kh2 b5 39. a4 Rb3 40. axb5 Rxc3 41. g4 Rc1 42. Kg2 c3 43. Kf3 c2 44. Ke3 Ke6 45. Kd2 Rd1+ 46. Kxc2 Rxd4 47. Rc7 Rxg4 48. Rxa7 Kd6 49. Rb7 Kc5 50. Kc3 1/2-1/2

[Event "Chigorin Memorial 18th"]
[Site "St Petersburg"]
[Date "2010.10.31"]
[Round "4"]
[White "Solovjova, Valentina"]
[Black "Abramichev, Artyom"]
[Result "1-0"]
[WhiteElo "2253"]
[BlackElo "2072"]
[PlyCount "121"]
[EventDate "2010.10.28"]
[EventType "swiss"]
[EventRounds "9"]
[EventCountry "RUS"]
[SourceTitle "EXT 2011"]
[Source "ChessBase"]
[SourceDate "2010.11.26"]
[SourceVersion "1"]
[SourceVersionDate "2010.11.26"]
[SourceQuality "1"]

1. e4 c5 2. c3 d5 3. exd5 Qxd5 4. d4 e6 5. Nf3 Nf6 6. Be2 Nc6 7. Na3 a6 8. Nc4 Nd7 9. 0-0 cxd4 10. cxd4 b5 11. Ne3 Qd6 12. d5 exd5 13. Nf5 Qf6 14. Bd3 Nde5 15. Re1 Be6 16. Bg5 Nxf3+ 17. Qxf3 Qxg5 18. Qxd5 Rd8 19. Qxc6+ Rd7 20. Rad1 Be7 21. Nxe7 Kxe7 22. Qxa6 Rhd8 23. Qa3+ Rd6 24. Be4 Qf4 25. g3 Qg4 26. Bf3 Qa4 27. Qc5 Qc4 28. Qg5+ Kf8 29. Rxd6 Rxd6 30. Rc1 h6 31. Qe3 Qd4 32. Qe2 Bc4 33. Qc2 Qd3 34. Qxd3 Rxd3 35. Be2 Rd2 36. Bxc4 bxc4 37. Rb1 c3 38. bxc3 Rxa2 39. Rc1 Ke7 40. Kg2 Kd6 41. Kf3 g6 42. h4 h5 43. Ke3 Rb2 44. f3 Ke5 45. c4 Rb3+ 46. Ke2 Kd4 47. c5 Rb2+ 48. Ke1 Kd3 49. c6 Re2+ 50. Kf1 Re8 51. c7 Rc8 52. Kf2 Kd4 53. g4 hxg4 54. fxg4 Ke5 55. Kf3 f5 56. g5 Ke6 57. Kf4 Kd5 58. h5 gxh5 59. Kxf5 Kd6 60. g6 h4 61. Kg4 1-0

[Event "Chigorin Memorial 18th"]
[Site "St Petersburg"]
[Date "2010.10.29"]
[Round "2"]
[White "Solovjova, Valentina"]
[Black "Azimova, Karina"]
[Result "0-1"]
[WhiteElo "2253"]
[BlackElo "2011"]
[PlyCount "60"]
[EventDate "2010.10.28"]
[EventType "swiss"]
[EventRounds "9"]
[EventCountry "RUS"]
[SourceTitle "EXT 2011"]
[Source "ChessBase"]
[SourceDate "2010.11.26"]
[SourceVersion "1"]
[SourceVersionDate "2010.11.26"]
[SourceQuality "1"]

1. e4 e5 2. d4 exd4 3. Qxd4 Nc6 4. Qe3 g6 5. Nc3 Bg7 6. Bd2 Nf6 7. e5 Ng4 8. Qg3 d6 9. exd6 cxd6 10. 0-0-0 0-0 11. h3 Nf6 12. Bg5 Qa5 13. Nf3 Be6 14. Qxd6 Ne8 15. Qd2 Nb4 16. Qe3 Rc8 17. Nd4 Rxc3 18. bxc3 Nxa2+ 19. Kb2 Nxc3 20. Qxc3 Qxg5 21. Kb1 Qf6 22. Qf3 Bf5 23. Qa3 Nd6 24. Nxf5 Nxf5 25. Bc4 Nd4 26. Rd2 Qc6 27. Bb3 Nb5 28. Qb4 Bc3 29. Qf4 Qa6 30. Qa4 Bxd2 0-1

[Event "St Petersburg-ch sf (Women)"]
[Site "St Petersburg"]
[Date "2010.02.18"]
[Round "6"]
[White "Sokolova, Vera Evgenyevna"]
[Black "Solovjova, Valentina"]
[Result "0-1"]
[WhiteElo "2078"]
[BlackElo "2276"]
[PlyCount "152"]
[EventDate "2010.02.13"]
[EventType "swiss"]
[EventRounds "7"]
[EventCountry "RUS"]
[SourceTitle "CBM 135 Extra"]
[Source "ChessBase"]
[SourceDate "2010.05.04"]
[SourceVersion "1"]
[SourceVersionDate "2010.05.04"]
[SourceQuality "1"]

1. e4 c6 2. d4 d5 3. e5 Bf5 4. Nd2 e6 5. Nb3 Nd7 6. Nf3 Qc7 7. Be3 f6 8. exf6 Ngxf6 9. Be2 Bd6 10. 0-0 0-0 11. h3 Bg6 12. Rc1 e5 13. dxe5 Nxe5 14. Nbd4 Rae8 15. Nh4 Qf7 16. Nxg6 Nxg6 17. Nf5 Bf4 18. Bxf4 Nxf4 19. Bf3 Qg6 20. Ng3 Ne4 21. Kh2 Ng5 22. Bg4 Qf6 23. c3 g6 24. Qd4 Qxd4 25. cxd4 h5 26. Bd1 Nge6 27. Ne2 Nxe2 28. Bxe2 Nxd4 29. Bd3 Kg7 30. b4 Ne2 31. Rcd1 Nf4 32. Bb1 Re2 33. a3 Rfe8 34. g3 Ne6 35. Kg1 Ng5 36. Kg2 Ne4 37. Bd3 Ra2 38. Ra1 Rd2 39. Rad1 Rxd1 40. Rxd1 Nf6 41. Rc1 Rc8 42. Kf3 b6 43. Kf4 Nd7 44. g4 hxg4 45. hxg4 Rf8+ 46. Kg3 Ne5 47. Be2 b5 48. a4 a6 49. axb5 axb5 50. Rc5 Rf6 51. f4 Nc4 52. g5 Rd6 53. Bxc4 dxc4 54. Kg4 Kf7 55. Kf3 Re6 56. Kg4 Ke7 57. f5 Re4+ 58. Kf3 gxf5 59. Rxf5 Re1 60. Rc5 Rb1 61. Rxc6 Rxb4 62. Ke4 Rb1 63. Kd4 Rg1 64. Rc5 Rg4+ 65. Kc3 Rg3+ 66. Kd4 Rb3 67. Rc8 Ke6 68. Rc6+ Kd7 69. Rc5 Kd6 70. Rf5 Rd3+ 71. Ke4 b4 72. g6 Rg3 73. Rb5 c3 74. Rb8 c2 75. Rc8 b3 76. g7 b2 0-1

[Event "St Petersburg-ch sf (Women)"]
[Site "St Petersburg"]
[Date "2010.02.14"]
[Round "2"]
[White "Molchanova, Tatjana"]
[Black "Solovjova, Valentina"]
[Result "1-0"]
[WhiteElo "2388"]
[BlackElo "2276"]
[PlyCount "115"]
[EventDate "2010.02.13"]
[EventType "swiss"]
[EventRounds "7"]
[EventCountry "RUS"]
[SourceTitle "CBM 135 Extra"]
[Source "ChessBase"]
[SourceDate "2010.05.04"]
[SourceVersion "1"]
[SourceVersionDate "2010.05.04"]
[SourceQuality "1"]

1. e4 c6 2. d4 d5 3. e5 Bf5 4. Nf3 e6 5. Be2 Nd7 6. 0-0 Qc7 7. Nh4 Ne7 8. a4 c5 9. g4 Bg6 10. f4 Be4 11. Nc3 Bxc2 12. Nb5 Bxd1 13. Nxc7+ Kd8 14. Nxe6+ fxe6 15. Rxd1 Nc6 16. Nf3 Nxd4 17. Nxd4 cxd4 18. Kg2 Bc5 19. Bd2 a5 20. Be1 Rf8 21. Bh4+ Be7 22. Bxe7+ Kxe7 23. Rxd4 Rac8 24. Bd1 g5 25. fxg5 Nxe5 26. Ra3 Rc4 27. Rxc4 Nxc4 28. Rh3 Kd6 29. b3 Ne5 30. Rxh7 d4 31. Rh6 d3 32. Rf6 Rc8 33. h4 Nd7 34. Rf3 Ne5 35. Rf1 Rg8 36. Kf2 Nc6 37. Ke3 Nb4 38. Bf3 Ke5 39. Bxb7 Rd8 40. Kd2 Rd7 41. Bf3 Rg7 42. Bd1 Kd4 43. Rf3 Kd5 44. Rf8 e5 45. Ke3 Kc5 46. Rf5 Kd5 47. h5 Nc2+ 48. Bxc2 dxc2 49. Kd2 Rc7 50. Rf1 e4 51. Rc1 Ke5 52. Rxc2 Rd7+ 53. Ke2 Kf4 54. g6 Rg7 55. Rc6 Rb7 56. Rc3 Rg7 57. Rc5 Kxg4 58. Ke3 1-0

[Event "St Petersburg-ch sf (Women)"]
[Site "St Petersburg"]
[Date "2010.02.13"]
[Round "1"]
[White "Solovjova, Valentina"]
[Black "Zykova, Antonina"]
[Result "1/2-1/2"]
[WhiteElo "2276"]
[BlackElo "2093"]
[PlyCount "74"]
[EventDate "2010.02.13"]
[EventType "swiss"]
[EventRounds "7"]
[EventCountry "RUS"]
[SourceTitle "CBM 135 Extra"]
[Source "ChessBase"]
[SourceDate "2010.05.04"]
[SourceVersion "1"]
[SourceVersionDate "2010.05.04"]
[SourceQuality "1"]

1. e4 e6 2. d4 d5 3. Nd2 Nf6 4. e5 Nfd7 5. Ngf3 c5 6. c3 Nc6 7. Bd3 cxd4 8. cxd4 Qb6 9. Nb3 a5 10. a4 Bb4+ 11. Kf1 Be7 12. g3 Nb4 13. Bb5 0-0 14. Be3 Nb8 15. Kg2 Bd7 16. Be2 N8a6 17. h4 Rac8 18. Ne1 Nc2 19. Nxc2 Qxb3 20. Bd3 Bxa4 21. Bg5 Bb4 22. Rxa4 Qxa4 23. Qh5 g6 24. Qh6 Rfe8 25. Nxb4 Qxb4 26. Bf6 Qf8 27. Qf4 Nb4 28. Bb1 Rc4 29. h5 Nc2 30. Qg5 a4 31. Bxc2 Rxc2 32. Qh4 Qh6 33. g4 b5 34. Bg5 Qg7 35. Bf6 Qh6 36. Bg5 Qg7 37. Bf6 Qh6 1/2-1/2

[Event "Chigorin Memorial 17th"]
[Site "St Petersburg"]
[Date "2009.10.24"]
[Round "9"]
[White "Kuzevanova, Evgenia"]
[Black "Solovjova, Valentina"]
[Result "1/2-1/2"]
[WhiteElo "2116"]
[BlackElo "2257"]
[PlyCount "42"]
[EventDate "2009.10.16"]
[EventType "swiss"]
[EventRounds "9"]
[EventCountry "RUS"]
[SourceTitle "CBM 132 Extra"]
[Source "ChessBase"]
[SourceDate "2009.11.03"]
[SourceVersion "1"]
[SourceVersionDate "2009.11.03"]
[SourceQuality "1"]

1. e4 c6 2. d4 d5 3. e5 Bf5 4. Nf3 e6 5. Nbd2 Nd7 6. Nb3 Qc7 7. Be3 f6 8. exf6 gxf6 9. Nh4 Bg6 10. Nxg6 hxg6 11. Bd3 Ne7 12. h3 Bh6 13. Bxh6 Rxh6 14. Qd2 Rh8 15. 0-0-0 e5 16. dxe5 fxe5 17. Qg5 e4 18. Be2 Qe5 19. Qd2 0-0-0 20. f4 Qf6 21. g4 Rdf8 1/2-1/2

[Event "Chigorin Memorial 17th"]
[Site "St Petersburg"]
[Date "2009.10.22"]
[Round "7"]
[White "Ju, Wenjun"]
[Black "Solovjova, Valentina"]
[Result "1-0"]
[WhiteElo "2443"]
[BlackElo "2257"]
[PlyCount "147"]
[EventDate "2009.10.16"]
[EventType "swiss"]
[EventRounds "9"]
[EventCountry "RUS"]
[SourceTitle "CBM 132 Extra"]
[Source "ChessBase"]
[SourceDate "2009.11.03"]
[SourceVersion "1"]
[SourceVersionDate "2009.11.03"]
[SourceQuality "1"]

1. Nf3 d5 2. g3 c6 3. Bg2 Nf6 4. 0-0 Bf5 5. d3 e6 6. Nbd2 h6 7. b3 Be7 8. Bb2 0-0 9. c4 Nbd7 10. Qc2 Bh7 11. e4 a5 12. Rad1 b5 13. Ne5 Nxe5 14. Bxe5 a4 15. exd5 axb3 16. axb3 exd5 17. cxb5 cxb5 18. Nf3 Qd7 19. Qb2 Rfc8 20. Rfe1 Ra6 21. Bd4 Rca8 22. Ne5 Qd6 23. Rc1 Qb4 24. Bc3 Qd6 25. Bd4 Qb4 26. Bc3 Qd6 27. Ra1 Ne8 28. Rxa6 Rxa6 29. Qe2 Nc7 30. Qh5 Bg6 31. Nxg6 fxg6 32. Qg4 Kh7 33. Be5 Qe6 34. Qxe6 Rxe6 35. Bh3 Rc6 36. Bd7 Rc2 37. Bxc7 Bb4 38. Re5 Rxc7 39. Rxd5 Rc3 40. Rxb5 Rxb3 41. Be8 Rb1+ 42. Kg2 Rb2 43. h4 Bc3 44. Rxb2 Bxb2 45. Bf7 g5 46. h5 g4 47. f3 gxf3+ 48. Kxf3 g5 49. hxg6+ Kg7 50. g4 Bf6 51. Ke4 Kf8 52. Kd5 Ke7 53. d4 Kd7 54. Be6+ Ke7 55. Bf5 Bg7 56. Kc5 Kf6 57. d5 Ke7 58. d6+ Ke8 59. Kd5 Bc3 60. Ke6 Kf8 61. d7 Ba5 62. Kd6 Bd8 63. Kc6 Ba5 64. Kb7 Ke7 65. Kc8 Bb6 66. Bc2 Ba5 67. Ba4 Bb6 68. g7 Kf7 69. d8Q Bxd8 70. Kxd8 Kxg7 71. Be8 Kf6 72. Bh5 Kg7 73. Ke7 Kh7 74. Kf7 1-0

[Event "St Petersburg Rudenko Memorial (Women)"]
[Site "St Petersburg"]
[Date "2009.09.02"]
[Round "8"]
[White "Mednikova, Svetlana"]
[Black "Solovjova, Valentina"]
[Result "0-1"]
[WhiteElo "2173"]
[BlackElo "2257"]
[PlyCount "66"]
[EventDate "2009.08.24"]
[EventType "swiss"]
[EventRounds "9"]
[EventCountry "RUS"]
[SourceTitle "CBM 132 Extra"]
[Source "ChessBase"]
[SourceDate "2009.11.03"]
[SourceVersion "1"]
[SourceVersionDate "2009.11.03"]
[SourceQuality "1"]

1. e4 c6 2. d4 d5 3. f3 e6 4. Nc3 Bb4 5. Qd3 Ne7 6. a3 Ba5 7. Be3 dxe4 8. Qxe4 Nf5 9. Bf2 Nd7 10. Nge2 Nf6 11. Qd3 h5 12. g3 Nd5 13. Rg1 Qe7 14. f4 Bd7 15. Bg2 g5 16. 0-0-0 0-0-0 17. Ne4 gxf4 18. Nxf4 Nxf4 19. gxf4 Bc7 20. Qf3 Nh4 21. Qg3 Nxg2 22. Rxg2 f6 23. Be3 h4 24. Qg7 Qxg7 25. Rxg7 e5 26. dxe5 fxe5 27. Nc5 exf4 28. Bf2 Bf5 29. Rxd8+ Rxd8 30. Bxh4 Rh8 31. Bf6 f3 32. Kd2 f2 33. Ke2 Rf8 0-1

[Event "St Petersburg Rudenko Memorial (Women)"]
[Site "St Petersburg"]
[Date "2009.09.01"]
[Round "7"]
[White "Solovjova, Valentina"]
[Black "Bodnaruk, Anastasia"]
[Result "0-1"]
[WhiteElo "2257"]
[BlackElo "2388"]
[PlyCount "58"]
[EventDate "2009.08.24"]
[EventType "swiss"]
[EventRounds "9"]
[EventCountry "RUS"]
[SourceTitle "CBM 132 Extra"]
[Source "ChessBase"]
[SourceDate "2009.11.03"]
[SourceVersion "1"]
[SourceVersionDate "2009.11.03"]
[SourceQuality "1"]

1. e4 c5 2. Nf3 d6 3. d4 Nf6 4. Nc3 cxd4 5. Nxd4 a6 6. Be3 e5 7. Nf3 Qc7 8. a4 Be7 9. a5 0-0 10. Be2 Nbd7 11. 0-0 Nc5 12. Nd5 Nxd5 13. exd5 f5 14. b4 Nd7 15. Bg5 Nf6 16. c4 f4 17. Ra3 Bf5 18. Re1 Rae8 19. Bxf6 Bxf6 20. Nd2 e4 21. Bg4 g6 22. Bxf5 gxf5 23. Qc2 Qg7 24. Kh1 Kh8 25. f3 Rg8 26. Re2 Bd4 27. fxe4 Be3 28. exf5 Bf2 29. Rxf2 Qxg2+ 0-1

[Event "St Petersburg Rudenko Memorial (Women)"]
[Site "St Petersburg"]
[Date "2009.08.29"]
[Round "4"]
[White "Saduakassova, Dinara"]
[Black "Solovjova, Valentina"]
[Result "0-1"]
[WhiteElo "1939"]
[BlackElo "2257"]
[PlyCount "114"]
[EventDate "2009.08.24"]
[EventType "swiss"]
[EventRounds "9"]
[EventCountry "RUS"]
[SourceTitle "CBM 132 Extra"]
[Source "ChessBase"]
[SourceDate "2009.11.03"]
[SourceVersion "1"]
[SourceVersionDate "2009.11.03"]
[SourceQuality "1"]

1. d4 d5 2. Nf3 Nf6 3. c4 e6 4. g3 dxc4 5. Qa4+ Nbd7 6. Qxc4 a6 7. Qc2 b5 8. Bg2 Bb7 9. 0-0 Rc8 10. Qd1 c5 11. dxc5 Bxc5 12. a3 0-0 13. Nc3 Qb6 14. Qe1 Ne4 15. Nxe4 Bxe4 16. Bd2 Nf6 17. Rc1 Be7 18. Bc3 Qb7 19. Nh4 Bxg2 20. Nxg2 Ne4 21. Bd4 Rfd8 22. Be3 Bf6 23. Qb4 Ra8 24. Rfd1 Rxd1+ 25. Rxd1 a5 26. Qb3 a4 27. Qb4 Rc8 28. f3 Ng5 29. Nf4 Rc4 30. Qd6 h6 31. Qd2 Qc6 32. Rc1 Rxc1+ 33. Qxc1 Qxc1+ 34. Bxc1 Bd4+ 35. Kg2 e5 36. Nd5 Ne6 37. e3 Bc5 38. Bd2 Kf8 39. Nc3 Nc7 40. Ne4 Bb6 41. Bb4+ Ke8 42. Nd6+ Kd7 43. Nxf7 Ke6 44. Nd8+ Kd5 45. e4+ Kc4 46. Nc6 Bd4 47. Na5+ Kd3 48. b3 Bc3 49. Bxc3 Kxc3 50. bxa4 bxa4 51. f4 exf4 52. gxf4 Kb2 53. Kf3 Kxa3 54. Ke3 Kb4 55. Nc6+ Kc3 56. Nd4 a3 57. Ne2+ Kb2 0-1

[Event "St Petersburg Rudenko Memorial (Women)"]
[Site "St Petersburg"]
[Date "2009.08.26"]
[Round "1"]
[White "Solovjova, Valentina"]
[Black "Kiseleva, Arina"]
[Result "1-0"]
[WhiteElo "2257"]
[BlackElo "1877"]
[PlyCount "95"]
[EventDate "2009.08.24"]
[EventType "swiss"]
[EventRounds "9"]
[EventCountry "RUS"]
[SourceTitle "CBM 132 Extra"]
[Source "ChessBase"]
[SourceDate "2009.11.03"]
[SourceVersion "1"]
[SourceVersionDate "2009.11.03"]
[SourceQuality "1"]

1. e4 c6 2. d4 d5 3. Nc3 dxe4 4. Nxe4 Bf5 5. Ng3 Bg6 6. N1e2 Nd7 7. Nf4 Ngf6 8. h4 e6 9. h5 Bf5 10. Nxf5 exf5 11. Bd3 Ne4 12. Qe2 Qe7 13. g4 0-0-0 14. gxf5 Re8 15. c3 Ndf6 16. Rh3 Qd6 17. Re3 Qxf4 18. Rxe4 Rxe4 19. Bxf4 Rxe2+ 20. Bxe2 Be7 21. 0-0-0 Nd5 22. Bd2 Bd6 23. Rg1 Re8 24. Bf3 Bf8 25. c4 Nf6 26. Bc3 Ne4 27. Re1 Nd6 28. Rxe8+ Nxe8 29. d5 Kd7 30. dxc6+ bxc6 31. Bd4 c5 32. Be3 Bd6 33. Kc2 Ke7 34. b4 cxb4 35. Bxa7 Kf6 36. Kb3 Kxf5 37. c5 Be5 38. Kxb4 Ke6 39. Bb6 Bd4 40. a4 Bxf2 41. a5 Be1+ 42. Kb5 Bxa5 43. Bxa5 g5 44. Bd8 f6 45. Kc6 h6 46. Bd5+ Ke5 47. Bf7 Ng7 48. Kd7 1-0